000 00399nam a2200169Ia 4500
008 210210b1947 xxu||||| |||| 00| 0 eng d
041 _aeng
082 _a825/881
100 _aVERRALL (A W)
245 _aLectures on dryden
260 _aCambridge
_bAt the University Press
_c1947
650 _aon
650 _aLectures
650 _adryden
690 _aEnglish Criticism
906 _a015196
999 _c134513
_d134513